[Event "Qazvin Cup 10th"]
[Site "Qazvin"]
[Date "2022.07.29"]
[Round "7"]
[White "Daliri, Pedram"]
[Black "Ebrahimi Herab, Hamidreza"]
[Result "1/2-1/2"]
[WhiteElo "2170"]
[BlackElo "1947"]
[PlyCount "218"]
[EventDate "2022.07.25"]
[EventType "swiss"]
[EventRounds "9"]
[EventCountry "IRI"]
[SourceTitle "EXT 2023"]
[Source "ChessBase"]
[SourceDate "2022.10.05"]
[SourceVersion "1"]
[SourceVersionDate "2022.10.05"]
[SourceQuality "1"]

1. e4 c5 2. Nf3 d6 3. d4 cxd4 4. Nxd4 Nf6 5. Nc3 a6 6. Be2 e5 7. Nf3 Be7 8. Bg5 Be6 9. Bxf6 Bxf6 10. 0-0 0-0 11. Nd2 b5 12. a4 b4 13. Nd5 Bxd5 14. exd5 Nd7 15. a5 Nc5 16. Nc4 e4 17. Qd2 Rb8 18. Qf4 Re8 19. Rfe1 Be5 20. Nxe5 Rxe5 21. Bc4 Qe7 22. Qd2 f5 23. b3 g5 24. c3 bxc3 25. Qxc3 Qb7 26. Qh3 Qg7 27. Rab1 Rb4 28. Qc3 Qb7 29. f3 e3 30. g3 g4 31. fxg4 fxg4 32. Rbd1 Ne4 33. Qd4 Nf2 34. Rc1 Qe7 35. Rc3 Rb8 36. Rexe3 Ne4 37. Rc1 Re8 38. Rf1 Qg5 39. Rf4 Nf6 40. Rxe5 dxe5 41. d6+ Kg7 42. Qa7+ Kh6 43. Rf1 Qg7 44. Qe3+ Kg6 45. Qf2 Rf8 46. Qf5+ Kh6 47. Bd5 Qa7+ 48. Kh1 Qd4 49. Qe6 Kg7 50. Bg2 Rf7 51. h3 gxh3 52. Bxh3 Qe4+ 53. Bg2 Qd4 54. Bc6 Qd3 55. Bg2 Qd4 56. d7 Qxd7 57. Qxe5 h6 58. Re1 Qd2 59. Rf1 Qb4 60. Rf3 Qg4 61. Qf5 Qb4 62. Bh3 Qe1+ 63. Rf1 Qb4 64. Rf3 Qe1+ 65. Bf1 Rf8 66. Kg2 Qd2+ 67. Rf2 Qd6 68. Qd3 Qc6+ 69. Kg1 Qc5 70. Qf5 Qd6 71. Bd3 Kf7 72. Qg6+ Ke7 73. Bc4 Kd8 74. Kf1 h5 75. Qd3 Qxd3+ 76. Bxd3 Ke7 77. Re2+ Kd6 78. Bxa6 Ng4+ 79. Kg2 Ra8 80. Rd2+ Kc6 81. Be2 Rxa5 82. Bf3+ Kc7 83. Bxg4 hxg4 84. Rd4 Ra2+ 85. Kg1 Ra3 86. Rb4 Kd6 87. Kf2 Kc5 88. Rxg4 Rxb3 89. Re4 Kd5 90. Re8 Kd6 91. Kg2 Rb7 92. Re3 Rg7 93. Kf3 Kd5 94. g4 Rg8 95. Kg3 Kd6 96. Re1 Kd5 97. Kf4 Rf8+ 98. Kg5 Rg8+ 99. Kh4 Rh8+ 100. Kg3 Rg8 101. Re7 Kd6 102. Rh7 Ke6 103. Kf4 Kf6 104. Ra7 Rb8 105. Ra6+ Kg7 106. Kg5 Rb5+ 107. Kh4 Rb4 108. Kh5 Rb5+ 109. g5 Rb7 1/2-1/2

[Event "Qazvin Cup 10th"]
[Site "Qazvin"]
[Date "2022.07.28"]
[Round "6"]
[White "Doroodgar, Amir Hosein"]
[Black "Daliri, Pedram"]
[Result "1/2-1/2"]
[WhiteElo "1971"]
[BlackElo "2170"]
[PlyCount "105"]
[EventDate "2022.07.25"]
[EventType "swiss"]
[EventRounds "9"]
[EventCountry "IRI"]
[SourceTitle "EXT 2023"]
[Source "ChessBase"]
[SourceDate "2022.10.05"]
[SourceVersion "1"]
[SourceVersionDate "2022.10.05"]
[SourceQuality "1"]

1. Nf3 d6 2. d4 g6 3. Nbd2 Bg7 4. e4 e5 5. c3 Nc6 6. Be2 Nf6 7. 0-0 0-0 8. a4 Bg4 9. dxe5 dxe5 10. Qc2 Nh5 11. Rd1 Nf4 12. Bf1 Qf6 13. h3 Nxh3+ 14. gxh3 Bxf3 15. Nxf3 Qxf3 16. Bg5 Qh5 17. Be3 Bh6 18. Bxh6 Qxh6 19. Rd7 Rac8 20. Qb3 Nd8 21. Bc4 Qg5+ 22. Kf1 Qh4 23. Rad1 Qxh3+ 24. Kg1 h5 25. Qb4 c5 26. Qa5 Qg4+ 27. Kf1 Qxe4 28. b3 Qh1+ 29. Ke2 Qh4 30. Qxa7 Qg4+ 31. Ke1 h4 32. Qb6 Qe4+ 33. Kd2 Rc6 34. Qb5 h3 35. Kc1 h2 36. Bd5 Qf4+ 37. Kb2 Rc8 38. Ka3 Qg4 39. Qd3 Kg7 40. Bf3 Qe6 41. Qe2 Qf6 42. R7d6 Ne6 43. Bxb7 Rc7 44. Bh1 c4 45. b4 Rh8 46. Qe3 Qf5 47. Be4 Qf4 48. a5 Qg4 49. Bf3 Qf5 50. Be4 Qf4 51. Rxe6 Qxe3 52. fxe3 fxe6 53. b5 1/2-1/2

[Event "Qazvin Cup 10th"]
[Site "Qazvin"]
[Date "2022.07.26"]
[Round "3"]
[White "Daliri, Pedram"]
[Black "Sedaghati, Mehrdad"]
[Result "1-0"]
[WhiteElo "2170"]
[BlackElo "2071"]
[PlyCount "73"]
[EventDate "2022.07.25"]
[EventType "swiss"]
[EventRounds "9"]
[EventCountry "IRI"]
[SourceTitle "EXT 2023"]
[Source "ChessBase"]
[SourceDate "2022.10.05"]
[SourceVersion "1"]
[SourceVersionDate "2022.10.05"]
[SourceQuality "1"]

1. e4 e5 2. Nf3 Nc6 3. Bb5 a6 4. Ba4 Nf6 5. 0-0 Be7 6. Re1 b5 7. Bb3 0-0 8. a4 b4 9. d3 d6 10. a5 Rb8 11. Bc4 Be6 12. Bxa6 Ra8 13. Bb5 Rxa5 14. Rxa5 Nxa5 15. d4 Qb8 16. Bd3 c5 17. d5 Bd7 18. Nbd2 Qc7 19. b3 Ra8 20. Bb2 Be8 21. Nh4 g6 22. g3 Nd7 23. Ng2 Nb6 24. Ne3 Bd7 25. f4 Bf6 26. Qf3 Bg7 27. Rf1 f6 28. fxe5 fxe5 29. Qf7+ Kh8 30. Nf3 Qd8 31. h4 Be8 32. Ng5 h6 33. Qf8+ Bxf8 34. Rxf8+ Kg7 35. Ne6+ Kh7 36. Nxd8 Rxd8 37. Bb5 1-0

[Event "Rasht Gilan Cup 1st"]
[Site "Rasht"]
[Date "2022.07.13"]
[Round "6"]
[White "Daliri, Pedram"]
[Black "Movahed, Sina"]
[Result "0-1"]
[WhiteElo "2170"]
[BlackElo "2058"]
[PlyCount "68"]
[EventDate "2022.07.09"]
[EventType "swiss"]
[EventRounds "9"]
[EventCountry "IRI"]
[SourceTitle "CBM 209 Extra"]
[Source "ChessBase"]
[SourceDate "2022.09.30"]
[SourceVersion "1"]
[SourceVersionDate "2022.09.30"]
[SourceQuality "1"]

1. e4 c5 2. Nf3 d6 3. d4 cxd4 4. Nxd4 Nf6 5. Nc3 g6 6. Be3 a6 7. f3 b5 8. a3 Bb7 9. Qd2 h5 10. 0-0-0 Nbd7 11. Nb3 Rc8 12. Kb1 Bg7 13. Bd4 Qc7 14. Qf2 0-0 15. h3 e5 16. Be3 Nc5 17. Bg5 Na4 18. Rd3 Qb8 19. Qh4 Nxc3+ 20. bxc3 Nh7 21. Be7 Rfe8 22. g4 g5 23. Bxg5 Nxg5 24. Qxg5 h4 25. Qxh4 d5 26. g5 Rc4 27. Qh5 Qd6 28. exd5 Bc8 29. g6 fxg6 30. Qg5 Bf5 31. Re3 Bf6 32. Qg2 Qxa3 33. Bd3 e4 34. Bxe4 Rxc3 0-1